[Event "Monza Weekend op"]
[Site "Monza"]
[Date "2001.03.18"]
[Round "3"]
[White "Golia, Franco"]
[Black "Zacco, Remo"]
[Result "1/2-1/2"]
[WhiteElo "1768"]
[BlackElo "1806"]
[PlyCount "63"]
[EventDate "2001.??.??"]
[EventType "swiss"]
[EventRounds "6"]
[EventCountry "ITA"]
[SourceTitle "EXT 2005"]
[Source "ChessBase"]
[SourceDate "2004.11.15"]
[SourceVersion "1"]
[SourceVersionDate "2004.11.15"]
[SourceQuality "1"]

1. d4 f5 2. Nc3 d5 3. Nf3 Nf6 4. h4 e6 5. h5 c6 6. h6 g6 7. Bg5 Be7 8. e3 Nbd7 9. Ne5 Nxe5 10. dxe5 Nd7 11. Bxe7 Qxe7 12. f4 Nb6 13. a3 Bd7 14. Qd2 0-0-0 15. 0-0-0 Kb8 16. Kb1 Rhg8 17. Be2 g5 18. g3 gxf4 19. gxf4 Rg3 20. Bf1 Rdg8 21. Qf2 c5 22. Ne2 R3g6 23. Qh4 Qf8 24. Nc3 Rg4 25. Qf2 R4g6 26. Qh4 Rg3 27. Bb5 R3g4 28. Qh2 Rg2 29. Qh4 Bc6 30. Bxc6 bxc6 31. b3 R8g3 32. Kb2 1/2-1/2